Aplikácia metód transferového oceňovania

Základné pravidlá a problematika transferového oceňovania. Právne rozmery. Legislatíva a štátna daňová správa. Metódy transferového oceňovania. Medzinárodné úpravy v oblasti transferového oceňovania.

Na minha lista:
Detalhes bibliográficos
Autor principal: Harumová, Anna, 1955-
Outros Autores: Mikuš, Roman
Formato: Capítulo de Livro
Idioma:eslovaco
Assuntos:
Tags: Adicionar Tag
Sem tags, seja o primeiro a adicionar uma tag!

MARC

LEADER 00000naa$a2200000$$$4500
001 0125279
005 20240502072428.9
041 0 |a slo 
044 |a SK 
245 1 0 |a Aplikácia metód transferového oceňovania  |c Anna Harumová, Roman Mikuš 
520 |a Základné pravidlá a problematika transferového oceňovania. Právne rozmery. Legislatíva a štátna daňová správa. Metódy transferového oceňovania. Medzinárodné úpravy v oblasti transferového oceňovania. 
610 2 0 |a oceňovanie transferové 
610 2 0 |a sadzby daňové 
610 2 0 |a poplatky colné 
610 2 0 |a správa daňová 
610 2 0 |a clá dovozné 
610 2 0 |a oblasti obchodu voľného 
610 2 0 |a právo daňové 
610 2 0 |a legislatíva 
610 2 0 |a smernice 
100 1 |a Harumová, Anna, 1955- 
700 1 |a Mikuš, Roman